P. Ramlee di cakera nusantara /

Bibliographic Details
Other Authors: Awang Azman Awang Pawi, Khor, Chooi Lian
Format: Book
Published: Kota Samarahan, Sarawak: Universiti Malaysia Sarawakc2005.
Subjects:
LEADER 00859cam a2200253 7i4500
001 0000012663
005 20151104090000.0
005 ##20151104113600.0
003 ##MY-KlINT
020 # # |a 9839257374  
039 # 9 |y 201511041136  |z VLOAD 
090 0 0 |a 927.914309595   |b PRA 
245 1 0 |a P. Ramlee di cakera nusantara /   |c editor Awang Azman Awang Pawi, Khor Chooi Lian. 
260 # # |a Kota Samarahan, Sarawak:   |b Universiti Malaysia Sarawakc2005. 
300 # # |a xvi, 322ms:   |b il;   |c 24cm. 
500 # # |a Mengandungi indeks dan Bibliografi 
650 # 0 |a Actors --   |z Malaysia  
650 # 0 |a Composers --   |z Malaysia  
650 # 0 |a Motion picture producers and directors --   |z Malaysia  
650 # 0 |a MusicianszMalaysia  
650 # 0 |a Singers --   |z Malaysia  
700 0 # |a Awang Azman Awang Pawi  
700 0 # |a Khor, Chooi Lian  
999 |a 0000066291  |b BOOK  |c Main Non-Fiction  |e INTAN BK